书目信息 |
| 书名: | 斯拉夫语词典 | |
| 作者: | 特鲁巴切夫. | |
| 分册号: | ||
| 分册名: | 出版地: | 莫斯科 : |
|
| 出版社: | 科学出版社 | |
| 出版时间: | ||
| 页数: | v ; | |
| 开本: | 20cm. | |
| 丛书名: | ||
| 中图分类号: | ||
| 科图分类号: | ||
| 其他分类号: | H749 | |
| 主题词: | ||
| 电子资源: | ||
| 000 | 00360nam 2200157 a 4500 | |
| 001 | E0762944258 | |
| 005 | 20070729173247.35 | |
| 008 | 070729s 00010 eng | |
| 040 | @aPFT@bchi | |
| 041 | @achi@hrus | |
| 090 | @aH749 | |
| 099 | @dH749@ex5 | |
| 245 | 1 | @a斯拉夫语词典 / @c特鲁巴切夫. |
| 260 | @a莫斯科 :@b科学出版社. | |
| 300 | @av ;@c20cm. | |
| 650 | @a词典 | |
| 斯拉夫语词典 / / 特鲁巴切夫.-莫斯科 : : 科学出版社. |
| v ; ; 20cm. |
| ISBN |
| ● |
| 相关链接 |
|
|
|
|
正题名:斯拉夫语词典
索取号:H749/x5
 
预约/预借
| 序号 | 登录号 | 条形码 | 馆藏地/架位号 | 状态 | 备注 |
| 1 | 0014727 | 300147277 | 第二样本阅览室/ [索取号:H749/x5] | 在馆 | |
| 2 | 0014728 | 300147286 | 第四借阅区/ [索取号:H749/x5] | 在馆 |